000 00491nam a2200157Ia 4500
008 160316s1994 xxu||||| |||| 00| 0 eng d
082 _a305.560000
_bGEO
100 _aGeorge Jose
245 _aTribal development legislation and enforcement
250 _a
260 _aNew Delhi
_bCommonwealth Publishers
_c1994
300 _a291p
_b
_cxii
365 _b
650 _a1 .Rural Development - Law & Legislation - India - Kerala 2. Scheduled Tribes - Legal Status
700 _aSrekumar S S
_a
999 _c31696
_d31696